LEADER 01192nam a2200253 u 4500 001 000000082694 003 CaOOAMICUS 005 20070226123906.0 008 050418s1948 it u000 u ita u 035 $a11040253 040 $aPUL(R)$bita 100 1 $aBacon, Francis,$d1561-1626.$0(OLS)http://pul/name/5096 245 10$aCogitata et visa e schema del De dignitate et augmentis scientiarum /$cFrancesco Bacone ; a cura di Ettore Anchieri. 260 $aLanciano ;$aRoma :$bR. Carabba,$cstampa 1948. 300 $a140 p. ;$c19 cm 490 1 $aClassici del pensiero e dell'educazione ;$v4 700 1 $aAnchieri, Ettore.$0(OLS)http://pul/name/5206 700 12$aBacon, Francis,$d1561-1626$tDe dignitate et augmentis scientiarum.$0(OLS)http://pul/name/5097 830 0$aClassici del pensiero e dell'educazione ;$v4.$0(OLS)http://pul/title/107975 850 $aPUL 852 $aPUL$W1$xDP1 Fondo Cecchetti$y53$m260 J 40$j105318$nBK-PRI$qFondi$B105318$CPULBib$Z2$F105318 $81 941 1 $a1 996 $6245$aCogitata et visa e schema del De dignitate et augmentis scientiarum$9(OLS)http://pul/title/107987 996 $6260$aLanciano ;$aRoma :$bR. Carabba$9(OLS)http://pul/publisher/76351 LEADER 01252nam a2200313 a 4500 001 000000173323 003 CaOOAMICUS 005 20200226105026.0 008 200226s2020 it u000 u ita r 020 $a978-88-399-2406-3* 032 $aLibriCat 040 $aPUL$bita 100 1 $aLameri, Angelo.$0(OLS)http://pul/name/65595 245 10$aSacramentaria fondamentale /$cAngelo Lameri, Roberto Nardin. 260 $aBrescia :$bQueriniana,$c2020. 300 $a442 p. ;$c24 cm 490 1 $aNuovo corso di teologia sistematica ;$v6 500 $aContiene indici. 504 $aBibliografia in nota. 650 4$aTeologia sacramentaria.$0(OLS)http://pul/subject/39537 700 1 $aNardin, Roberto,$cO.S.B.,$d1962-$0(OLS)http://pul/name/49794 830 0$aNuovo corso di teologia sistematica ;$v6.$0(OLS)http://pul/title/76974 850 $aPUL 852 $aPUL$W1$xSL Religione 1$y3$m57 B 69.6$j197303$qStampati$B202089$CPULBib$Z2$F202089 $H134090 $82 941 1 $a8 996 $6020$a978-88-399-2406-3*$9(OLS)http://pul/number/167320 996 $6245$aSacramentaria fondamentale$9(OLS)http://pul/title/214471 996 $6260$aBrescia :$bQueriniana$9(OLS)http://pul/publisher/47906